Этнические процессы у малочисленных народов Средней Сибири

ग्रंथसूची विवरण
मुख्य लेखक: Кривоногов В. П. Виктор Павлович
भाषा:रूसी
प्रकाशित: Красноярск, 1998
विषय:
स्वरूप: पुस्तक
KOHA link:https://koha.lib.tpu.ru/cgi-bin/koha/opac-detail.pl?biblionumber=24465

MARC

LEADER 00000nam0a2200000 4500
001 24465
005 20231030200226.0
035 |a (RuTPU)RU\TPU\book\24694 
035 |a BOOK00000002 
090 |a 24465 
100 |a 20011209d1998 k y0rusy50 ca 
101 0 |a rus 
102 |a RU 
105 |a y z 000zy 
200 1 |a Этнические процессы у малочисленных народов Средней Сибири  |f В. П. Кривоногов 
210 |a Красноярск  |d 1998 
215 |a 323 с. 
610 1 |a история 
610 1 |a Россия 
610 1 |a этнография 
610 1 |a народы 
610 1 |a Сибирь 
610 1 |a численность 
610 1 |a расселение 
610 1 |a нганасаны 
610 1 |a энцы 
610 1 |a тофалары 
610 1 |a кеты 
610 1 |a чулымцы 
610 1 |a язык 
610 1 |a культура 
610 1 |a коренные народы 
686 |a Т52(25)  |v LBC/SL-A  |2 rubbk 
700 1 |a Кривоногов  |b В. П.  |g Виктор Павлович 
801 0 |a RU  |b 63413507  |c 20011209  |g PSBO 
801 2 |a RU  |b 63413507  |c 20130507  |g PSBO 
900 |a Социальная антропология 
942 |c BK